College Quizbowl Stats
College Quizbowl Stats
Circuits
Seasons
Sets
Records
Detailed Stats
About
Loading...
2023 Penn Bowl @ Waterloo
Tossups
Bonuses
Players
Teams
Categories (Tossup)
Categories (Bonus)
Ben Whismath
Toronto J
Categories
Category
Powers
Gets
Negs
BBs
Points
Earliest Buzz
Avg. Buzz
First Buzzes
Top 3 Buzzes
BPA
PVF
Fine Arts - Visual
0
1
0
1
10
130
130.00
1
1
0.00
0.00
History - Other
0
1
0
1
10
133
133.00
0
1
0.00
0.00
Literature - British
0
1
0
0
10
99
99.00
0
1
0.00
0.00
Religion
0
0
1
0
-5
0.00
0
0
0.00
0.00
Buzzes
Category
Answer
Value
Buzz Position
Religion
Salafi
-5
65
Literature - British
the Pearl Poet
10
99
Fine Arts - Visual
equestrian statues
10
130
History - Other
Victoria
10
133
Previous
1
Next